000 00351pam a2200157a 44500
008 230515b1914 xxu||||| |||| 00| 0 eng d
020 _aNULL
041 _aMALAYALAM
082 _a1
100 _aKALOKHE
245 _aFIRANGROAG & PUYPRAMEH
250 _a1
260 _aSANGALI
_bN.D.
_c1914
300 _a100
650 _aFIRANGROAG & PUYPRAMEH
999 _c496948
_d496948